000 00708nam a2200217 i 4500
001 92070
003 ES-MaACL
005 20230906180906.0
007 t|
008 050331s1986 sp ||||1| spa d
020 _a84-254-1549-7
080 _a16(091)
100 0 _aDóriga, Enrique L.,
_d1925-2015
_945405
245 1 0 _aMetodología del pensamiento
_b: la lógica desde el hombre primitivo hasta la informática /
_cEnrique L. Dóriga.
260 _aLima :
_bUniversidad del Pacífico ;
_aBarcelona :
_bHerder,
_c1986.
300 _a269 p. ;
_c22 cm.
504 _aBibliografía.
650 4 _aLógica-
_xHistoria.
_914695
852 _aES-MaACL
_jE-10890
_bR.135739
999 _c92070
_d92070